00992nam a2200241 i 4500001000300000100003300003245010100036260012500137300004000262504002200302521012500324650003200449650002100481655001800502700001800520015001800538020001500556040000800571041000800579080002400587008004100611856009800652bg1 aMESSNER, Zbigniewd(1929- ).10aRachunkowość finansowa.nCz. 1,pPodstawy rachunkowości /cZbigniew Messner, Józef Pfaf. aWarszawa :bStowarzyszenie Księgowych w Polsce. Zarząd Główny. Centralny Ośrodek Szkolenia Zawodowego,c[2004]. a339, [1] s. :brys., tab. ;c24 cm. aBibliogr. s. 335. aPubl. polecana na szkolenie dla kandydatów na biegłych rewidentów oraz na inne szkolenia z zakresu rachunkowości. 9aPrzedsiębiorstwoxfinanse 9aRachunkowość aPodręczniki1 aPFAF, Józef aPB 23322/2004 a8372281467 cBPK0 apol a657:658.14/.17](07) s pl f |000 0 pol  uhttp://koha.tu.koszalin.pl/cgi-bin/koha/opac-detail.pl?biblionumber=46236yKatalog online BPK